Servicios Fiduciarios y Banca de Inversión / (Registro nro. 8042)
[ vista simple ]
| 000 -LEADER | |
|---|---|
| fixed length control field | 01247nam a2200229Ia 4500 |
| 003 - CONTROL NUMBER IDENTIFIER | |
| control field | OSt |
| 005 - DATE AND TIME OF LATEST TRANSACTION | |
| control field | 20210712131523.0 |
| 008 - FIXED-LENGTH DATA ELEMENTS--GENERAL INFORMATION | |
| fixed length control field | 210310s1988 ck gr 100 0 spa d |
| 040 ## - CATALOGING SOURCE | |
| Original cataloging agency | CO-JMCR |
| Transcribing agency | CO-JMCR |
| 041 0# - LANGUAGE CODE | |
| Language code of text/sound track or separate title | spa |
| 082 04 - DEWEY DECIMAL CLASSIFICATION NUMBER | |
| Classification number | 332.178 / |
| Item number | S471s |
| Edition number | 23 |
| 111 2# - MAIN ENTRY--MEETING NAME | |
| Meeting name or jurisdiction name as entry element | Seminario Internacional sobre Servicios Fiduciarios y Banca de Inversión |
| Date of meeting or treaty signing | (1988 : |
| Location of meeting | Bogotá) |
| 9 (RLIN) | 38408 |
| 245 10 - TITLE STATEMENT | |
| Title | Servicios Fiduciarios y Banca de Inversión / |
| Statement of responsibility, etc. | Seminario Internacional sobre Servicios Fiduciarios y Banca de Inversión |
| 260 ## - PUBLICATION, DISTRIBUTION, ETC. | |
| Place of publication, distribution, etc. | Bogotá : |
| Name of publisher, distributor, etc. | Asociación Bancaria de Colombia, |
| Date of publication, distribution, etc. | 1988 |
| 300 ## - PHYSICAL DESCRIPTION | |
| Extent | 205 páginas ; |
| Dimensions | 25 cm. |
| 500 ## - GENERAL NOTE | |
| General note | Incluye notas a pie de página. |
| 505 0# - FORMATTED CONTENTS NOTE | |
| Formatted contents note | La fiducia en Canadá -- La fiducia de inversión y el mercadeo de capitales -- Nuevos usos del fideicomiso en México -- Fondo de inversión -- Mercado de los servicios fiduciarios en los E.E.U.U -- Las operaciones de mercado abierto y la actividad fiduciaria -- Banca de inversión |
| 650 14 - SUBJECT ADDED ENTRY--TOPICAL TERM | |
| Topical term or geographic name entry element | Fideicomiso |
| 9 (RLIN) | 16171 |
| Form subdivision | Congresos, conferencias, etc. |
| Chronological subdivision | 1988 |
| Geographic subdivision | Colombia |
| 650 24 - SUBJECT ADDED ENTRY--TOPICAL TERM | |
| Topical term or geographic name entry element | Compañías fiduciarias |
| Form subdivision | Congresos, conferencias, etc.| |
| Chronological subdivision | 1988 |
| Geographic subdivision | Colombia |
| 9 (RLIN) | 38409 |
| 650 24 - SUBJECT ADDED ENTRY--TOPICAL TERM | |
| Topical term or geographic name entry element | Bancos de inversión |
| Form subdivision | Congresos, conferencias, etc. |
| Chronological subdivision | 1988 |
| Geographic subdivision | Colombia |
| 9 (RLIN) | 38410 |
| 942 ## - ADDED ENTRY ELEMENTS (KOHA) | |
| Source of classification or shelving scheme | Dewey Decimal Classification |
| Koha item type | Books |
| Withdrawn status | Lost status | Source of classification or shelving scheme | Damaged status | Not for loan | Collection code | Home library | Current library | Date acquired | Source of acquisition | Full call number | Barcode | Date last seen | Copy number | Koha item type | Public note |
|---|---|---|---|---|---|---|---|---|---|---|---|---|---|---|---|
| Dewey Decimal Classification | Non-fiction | Biblioteca Pública José María del Castillo y Rada | Biblioteca Pública José María del Castillo y Rada | 04/15/2018 | Donación | 332.178 / S471s | 430002941 | 05/16/2024 | Ej.1 | Books | Exlibris: algunas hojas con resaltador verde |